书目信息 |
| 题名: |
标点符号实用手册
|
|
| 作者: | 苏培成 著 | |
| 分册: | ||
| 出版信息: | 北京 外语教学与研究出版社 2010.03 |
|
| 页数: | 158页 | |
| 开本: | 21cm | |
| 丛书名: | ||
| 单 册: | ||
| 中图分类: | H155-62 | |
| 科图分类: | ||
| 主题词: | 汉语--han yu--标点符号--手册 | |
| 电子资源: | ||
| ISBN: | 978-7-5600-9281-2 | |
| 000 | 00724nam0 2200253 450 | |
| 001 | B00000026528 | |
| 005 | 20110714163917.42 | |
| 010 | @a978-7-5600-9281-2@dCNY13.90 | |
| 100 | @a20100408d2010 km y0chiy50 ea | |
| 101 | 0 | @achi |
| 102 | @aCN@b110000 | |
| 105 | @aa a 000yy | |
| 106 | @ar | |
| 200 | 1 | @a标点符号实用手册@Abiao dian fu hao shi yong shou ce@f苏培成著 |
| 210 | @a北京@c外语教学与研究出版社@d2010.03 | |
| 215 | @a158页@c图@d21cm | |
| 320 | @a有书目 (第158) | |
| 330 | @a本书详尽介绍每个标点符号的主要功能和正确用法。 | |
| 586 | @a | |
| 606 | 0 | @a汉语@Ahan yu@x标点符号@j手册 |
| 690 | @aH155-62@v5 | |
| 701 | 0 | @a苏培成@Asu pei cheng@4著 |
| 801 | 0 | @aCN@c20110610 |
| 905 | @dH155-62@eS850@f3 | |
| 标点符号实用手册/苏培成著.-北京:外语教学与研究出版社,2010.03 |
| 158页:图;21cm |
| ISBN 978-7-5600-9281-2:CNY13.90 |
| 本书详尽介绍每个标点符号的主要功能和正确用法。 |
| ● |
| 相关链接 |
|
|
|
正题名:标点符号实用手册
索取号:H155-62/S850
 
预约/预借
| 序号 | 登录号 | 条形码 | 馆藏地/架位号 | 状态 | 备注 |
| 1 | 883639 | 208836394 | 语言库209/209语言库 76排3列6层/ [索取号:H155-62/S850] | 在馆 | |
| 2 | 883640 | 208836401 | 语言库209/209语言库 76排3列6层/ [索取号:H155-62/S850] | 在馆 | |
| 3 | 883641 | 208836410 | 语言库209/209语言库 76排3列6层/ [索取号:H155-62/S850] | 在馆 |